00868nam a2200241Ia 450000500170000000800390001702000150005602000180007104000550008904100080014410000230015224500740017525000120024926000730026130000400033449000430037450400530041765000240047065000250049465000300051965000530054970000240060220211105120433.0130821e2005 xxua grn 1 eng a0321180232 a9780321180230 aCO-BoUCMbspadAldemar MondragóncRoberto Burgos00aeng1 aCarlton, Dennis W.10aModern industrial organizationcDennis W. Carlton, Jeffrey M. Perloff a4a. Ed. aBoston (Massachusetts, Estados Unidos)bPearson/Addison Wesleyc2005 axxiii, 822 páginasbilustraciones 4aThe Addison-Wesley Series in Economics aIncluye referencias bibliográficas e índices 7aMercados de capital 7aModelos económicos04aEconomía del trabajoaa04aOrganización industrial (Teoría económica)1 aPerloff, Jeffrey M.